000
00187nam a2200085Ia 4500
008
170620s9999 xx 000 0 und d
100
_a
Basu
245
4
_a
The Advocate act
260
_b
Central Law Pub.
260
_c
2001
999
_c
28515
_d
28515